Dialogue among civilizations: the international conference in Vilnius, Lithuania, 23-26 april 2001. (Record no. 137941)
[ view plain ]
| 000 -CABECERA | |
|---|---|
| campo de control de longitud fija | 00852nam a2200229 a 4500 |
| 005 - FECHA Y HORA DE LA ÚLTIMA TRANSACCIÓN | |
| campo de control | 20240911064539.0 |
| 008 - ELEMENTOS DE LONGITUD FIJA--INFORMACIÓN GENERAL | |
| campo de control de longitud fija | 081108s2000 mx r 000 0 spa d |
| 035 ## - NÚMERO DE CONTROL DEL SISTEMA | |
| Número de control de sistema | UPN01000165829 |
| 049 ## - COLECCIÓN | |
| Colección | UNE |
| 080 ## - NÚMERO DE CLASIFICACIÓN DECIMAL UNIVERSAL | |
| Número de la Clasificación Decimal Universal | 008 (100) =20 "2002" DIA. |
| 245 00 - MENCIÓN DE TÍTULO | |
| Título | Dialogue among civilizations: the international conference in Vilnius, Lithuania, 23-26 april 2001. |
| 260 ## - PUBLICACIÓN, DISTRIBUCIÓN, ETC. | |
| Lugar de publicación, distribución, etc. | Paris: UNESCO, 2002. |
| 300 ## - DESCRIPCIÓN FÍSICA | |
| Extensión | 169 p.; 24 cm. il. |
| 500 ## - NOTA GENERAL | |
| Nota general | 2001 The United Nations Year for Dialogue among Civilisations |
| 690 ## - PUNTO DE ACCESO ADICIONAL DE MATERIA LOCAL--TÉRMINO DE MATERIA (OCLC, RLIN) | |
| Término de materia o nombre geográfico como elemento inicial | Intercambio cultural |
| 690 ## - PUNTO DE ACCESO ADICIONAL DE MATERIA LOCAL--TÉRMINO DE MATERIA (OCLC, RLIN) | |
| Término de materia o nombre geográfico como elemento inicial | Civilización |
| 9 (RLIN) | 9 |
| 690 ## - PUNTO DE ACCESO ADICIONAL DE MATERIA LOCAL--TÉRMINO DE MATERIA (OCLC, RLIN) | |
| Término de materia o nombre geográfico como elemento inicial | Pluralismo intercultural |
| 9 (RLIN) | 1176 |
| 690 ## - PUNTO DE ACCESO ADICIONAL DE MATERIA LOCAL--TÉRMINO DE MATERIA (OCLC, RLIN) | |
| Término de materia o nombre geográfico como elemento inicial | Comunicación intercultural |
| 9 (RLIN) | 11458 |
| 690 ## - PUNTO DE ACCESO ADICIONAL DE MATERIA LOCAL--TÉRMINO DE MATERIA (OCLC, RLIN) | |
| Término de materia o nombre geográfico como elemento inicial | Conferencias internacionales |
| 711 2# - ASIENTO SECUNDARIO - NOMBRE DE REUNIÓN | |
| Nombre de congreso/reunión o jurisdicción como elemento de entrada | International Conference on Dialogue among Civilizations held in Vilnius, Lithuania, 23-26 april 2001 |
| 905 ## - TIPO DE MATERIAL | |
| Tipo de material | UNESCO |
No items available.
